00419nam a22001337a 4500008004100000020001500041082001900056100002200075245010200097250001200199260003900211300001600250650001900266200319b ||||| |||| 00| 0 eng d a008018164300a621.48 bM9846 aMurry, Raymond L.10aNuclear energy; an introduction to the concepts, systems, and applications of nuclear processes / a1st ed. aNew YorkbPergamom Press Incc1975 axvi, 279 p. 0aNuclear Energy